LEADER 03063nam 2200589 450 001 9910460636203321 005 20200520144314.0 010 $a1-60781-342-4 035 $a(CKB)3710000000341997 035 $a(EBL)3443916 035 $a(SSID)ssj0001470430 035 $a(PQKBManifestationID)11807335 035 $a(PQKBTitleCode)TC0001470430 035 $a(PQKBWorkID)11412657 035 $a(PQKB)10363778 035 $a(MiAaPQ)EBC3443916 035 $a(OCoLC)933516668 035 $a(MdBmJHUP)muse48827 035 $a(Au-PeEL)EBL3443916 035 $a(CaPaEBR)ebr11014280 035 $a(OCoLC)903957511 035 $a(EXLCZ)993710000000341997 100 $a20150213h20142014 uy 0 101 0 $aeng 135 $aur|n|---||||| 181 $ctxt 182 $cc 183 $acr 200 10$aLacandon Maya-Spanish-English dictionary /$fCharles Andrew Hofling 210 1$aSalt Lake City, [Utah] :$cThe University of Utah Press,$d2014. 210 4$d©2014 215 $a1 online resource (494 p.) 300 $aIncludes indexes. 311 $a1-60781-341-6 320 $aIncludes bibliographical references and indexes. 327 $aAround 1700 AD the Lacandon Maya took refuge in the forest lowlands of Chiapas, Mexico, and in western Petén, Guatemala. They were never conquered by the Spanish and thus maintained many of their cultural practices well into the twentieth century. Their language belongs to the Yucatecan branch of the Maya language, a branch that is believed to have begun to diversify at least one thousand years ago. Today the Lancandon are split into northern and southern linguistic groups. This dictionary focuses on the southern Lacandon of Lacanjá. Following the same trilingual format as Hofling?s Mopan Maya-Spanish-English Dictionary, this reference contains pronunciation and grammatical information. It is a hybrid of a root dictionary and one with words in alphabetical order; words can be looked up in these two different ways, making it easy to use for both native and nonnative speakers. It also accommodates Spanish speakers who wish to learn Lacandon, and in the future is likely to be helpful to Lacandon-speaking children, who increasingly use Spanish outside the home, while preserving a record of this indigenous language.--From Amazon Description 327 $a""INDEXES/INDICES""""MAYAN ROOT INDEX/INDICE DE RAICES MAYAS""; ""SPANISH-LACANDON INDEX/INDICE ESPAN?OL-LACANDON""; ""ENGLISH-LACANDON INDEX/INDICE INGLES-LACANDON"" 517 1 $aDiccionario Maya Lacado?n-Espan?ol-Ingle?s 606 $aLacandon Indians$vDictionaries 606 $aLacandon dialect$vDictionaries$xSpanish 608 $aElectronic books. 615 0$aLacandon Indians 615 0$aLacandon dialect$xSpanish. 676 $a970.3 700 $aHofling$b Charles Andrew$0857206 801 0$bMiAaPQ 801 1$bMiAaPQ 801 2$bMiAaPQ 906 $aBOOK 912 $a9910460636203321 996 $aLacandon Maya-Spanish-English dictionary$91914139 997 $aUNINA LEADER 03030 am 22005413u 450 001 9910130762303321 005 20230621142719.0 035 $a(CKB)3450000000002993 035 $a(MARCnow)har110179631 035 $a(MH)012821477-5 035 $a(SSID)ssj0000507577 035 $a(PQKBManifestationID)12176698 035 $a(PQKBTitleCode)TC0000507577 035 $a(PQKBWorkID)10546059 035 $a(PQKB)11322675 035 $a(OCoLC)808385337 035 $a(EXLCZ)993450000000002993 100 $a20110820h20112011 uy 0 101 0 $aeng 135 $aurmn#nnn||||| 181 $ctxt$2rdacontent 182 $cc$2rdamedia 183 $acr$2rdacarrier 200 10$aOff-canon pleasures $ea case study and a perspective /$fArmin Paul Frank 210 1$aGöttingen, Germany:$cUniversitätsverlag Göttingen,$d2011. 210 4$d©2011 215 $a1 online resource (viii, 122 pages) 225 0 $aOpen Access e-Books 225 0 $aKnowledge Unlatched 320 $aIncludes bibliographical references. 327 $a1. Introduction -- 2. Leo Rosten and the matter of H*Y*M*A*N K*A*P*L*A*N -- 3. Archibald MacLeish and the theme of Imminent war -- 4. Perspective. 330 $aThe inclusion of works in a canonical list creates a large body of exclusions. But among these neglected works there are not a few that nevertheless are worth reading. Literary worth is not necessarily aesthetic impeccability. A literary work recommends itself by a high degree of artistic achievement with elbowroom for historical importance. The present study focuses on Leo Rosten's immigration novel The Education of Hyman Kaplan (1937) and Archibald MacLeish's radio play Air Raid (1938). The first is more than the apparent compendium of language-based jokes. Read in the context of immigration policy from Presidents Theodore Roosevelt to F.D. Roosevelt and of Jewish-American humor, it displays Kaplan's moral and intellectual growth, which extant commentary denies, and exhibits the "interior internationality" of an immigration country. Air Raid is one of the few achieved American radio plays to take a stand on foreign affairs in a context that does not only consist of broadcasting and Picasso's collage-painting Guernica "the screaming picture" which MacLeish transposed into the acoustic medium but also of the historical saturation bombing of the Basque town. 606 $aAmerican literature$y20th century$xHistory and criticism 606 $aAmerican literature$xHistory and criticism 606 $aCanon (Literature)$xHistory and criticism 615 0$aAmerican literature$xHistory and criticism. 615 0$aAmerican literature$xHistory and criticism. 615 0$aCanon (Literature)$xHistory and criticism. 676 $a810.90052 700 $aFrank$b Armin Paul$0694506 801 0$bNyNyMAR 801 1$bNyNyMAR 801 2$bAuAdUSA 801 2$bUkMaJRU 906 $aBOOK 912 $a9910130762303321 996 $aOff-canon pleasures$91985825 997 $aUNINA